000 01120nam a22003970a 4500
001 UByD001950
003 AR-LpoUNG
005 20240215172652.0
008 230910s2019||||ag |||||||||||||||||spa d
020 _a9789876304108
040 _aAR-LpoUNG
_bspa
_cAR-LpoUNG
_eaacr
041 1 _aspa
044 _aag
082 0 _a981.06 921gua
100 1 _aMotta, Rodrigo Patto Sá
245 1 0 _aEn guardia contra el peligro rojo :
_bel anticomunismo en Brasil (1917-1964)
250 _a1ra. ed.
260 _aBuenos Aires :
_bUniversidad Nacional de General Sarmiento,
_c2019.
300 _a384 p.
490 0 _aPolítica, políticas y sociedad. Estudios brasileños ;
_vno. 5
650 4 _aANALISIS HISTORICO
650 4 _aBRASIL
650 4 _aDICTADURA
650 4 _aTOTALITARISMO
650 4 _aHISTORIA
650 4 _aHISTORIA POLITICA
650 4 _aDOCTRINA POLITICA
650 4 _aIDEOLOGIAS POLITICAS
650 4 _aIDEOLOGIAS
650 4 _aEXTREMISMO
650 4 _aCOMUNISMO
653 0 _aANTICOMUNISMO
700 1 _aLorenzetti, Alejandro
_etr.
905 _a36156
942 _cLIB
_2ddc
999 _c64463
_d64463